[Event "AUTO-INT-3788"]
[Site "http://www.queenalice.com/game.php?id=1819899"]
[Date "2023.8.29"]
[Round "2"]
[White "jenyasm"]
[Black "tikar15"]
[Result "1-0"]
[WhiteElo "1725"]
[BlackElo "1746"]

1. e4 e5 2. Nf3 d6 3. Nc3 Nf6 4. d3 c5 5. a3 Be7 6. Bd2 h6 7. h3 O-O 8. Qe2 Nc6
9. g3 Qb6 10. b3 Be6 11. Na4 Qc7 12. Bg2 b5 13. Nb2 d5 14. exd5 Bxd5 15. O-O Nd4
16. Nxd4 exd4 17. Bxd5 Nxd5 18. a4 b4 19. Nc4 Nc3 20. Bxc3 dxc3 21. Qg4 Rfe8 22.
Ne3 Bg5 23. Nf5 Qd8 24. h4 Bf6 25. Nxh6+ Kf8 26. Nf5 g6 27. Ne3 Re5 28. Qf3 Rc8
29. Ng4 Rf5 30. Qb7 Bd4 31. Ne3 Re5 32. Qxa7 Bxe3 33. fxe3 Rc7 34. Qa6 Rxe3 35.
Kg2 Qd5+ 36. Kh3 Qe5 37. Rg1 Qf5+ 38. Kh2 Re2+ 39. Rg2 Rxg2+ 40. Kxg2 Re7 41.
Qa8+ Kg7 42. Qf3 Qe5 43. Rc1 Qd4 44. Rf1 Qe5 45. Rf2 Qc7 46. Qg4 Re6 47. d4 Qc6+
48. Kg1 Re1+ 49. Rf1 Rxf1+ 50. Kxf1 Qh1+ 51. Ke2 Qg2+ 52. Kd3 Qd2+ 53. Kc4 cxd4
54. Qxd4+ Kh7 55. Qd3 f6 56. a5 Qc1 57. Kxb4 Qd2 58. Qxc3 1-0

[Event "AUTO-INT-3788"]
[Site "http://www.queenalice.com/game.php?id=1819900"]
[Date "2023.8.29"]
[Round "2"]
[White "tikar15"]
[Black "jenyasm"]
[Result "0-1"]
[WhiteElo "1769"]
[BlackElo "1716"]

1. d4 d5 2. h3 Nc6 3. Nf3 e6 4. a3 g6 5. c4 dxc4 6. e4 a6 7. Bxc4 Bg7 8. Nc3 b5
9. Bb3 Nxd4 10. Nxd4 Bxd4 11. O-O Bb7 12. Nd5 Bg7 13. Nc3 Qxd1 14. Rxd1 Bxc3 15.
bxc3 Bxe4 16. Bf4 c6 17. Rd6 Bd5 18. Bxd5 cxd5 19. Be5 f6 20. Bg3 Ke7 21. Re1 e5
22. Rxd5 Rc8 23. f4 Rxc3 24. Bf2 Kf7 25. Red1 exf4 26. Rd6 Rxa3 27. Rc1 Ne7 28.
Rc7 b4 29. Bc5 Rc8 30. Rdd7 Rxc7 31. Rxc7 Ra1+ 32. Kh2 Re1 33. Bxb4 Re2 34. Rc3
Nd5 35. Rc4 Nxb4 36. Rxb4 f3 37. Rf4 f2 38. Kg3 a5 39. Kf3 Rb2 40. Ke3 a4 41.
Rxf2 Rxf2 42. Kxf2 a3 0-1

[Event "AUTO-INT-3810"]
[Site "http://www.queenalice.com/game.php?id=1819920"]
[Date "2023.8.30"]
[Round "2"]
[White "NickThorp"]
[Black "tikar15"]
[Result "1-0"]
[WhiteElo "1575"]
[BlackElo "1746"]

1. e4 e5 2. Nf3 d6 3. h3 Nf6 4. Nc3 a6 5. Bc4 b5 6. Bd5 Nxd5 7. Nxd5 h6 8. d3 c6
9. Nc3 d5 10. exd5 cxd5 11. Nxe5 Qf6 12. Nf3 Be7 13. Nxd5 Qd6 14. Nxe7 Qxe7+ 15.
Be3 O-O 16. O-O Nc6 17. a3 Bb7 18. b4 f5 19. Bc5 Qf6 20. Bxf8 Rxf8 21. Re1 Ne7
22. c4 Ng6 23. c5 Rd8 24. d4 Bxf3 25. Qxf3 Rxd4 26. Rad1 Rf4 27. Qa8+ Kh7 28. g3
Rf3 29. Qxf3 Ne5 30. Rxe5 Qxe5 31. Kf1 Qe6 32. Rd6 Qa2 33. Rxa6 Qb1+ 34. Kg2 Qc1
35. Qxf5+ g6 36. Ra7+ Kg8 37. Qxg6+ Kf8 38. Qf7# 1-0

[Event "AUTO-INT-3810"]
[Site "http://www.queenalice.com/game.php?id=1819921"]
[Date "2023.8.30"]
[Round "2"]
[White "tikar15"]
[Black "NickThorp"]
[Result "1-0"]
[WhiteElo "1742"]
[BlackElo "1576"]

1. d4 d5 2. h3 Nc6 3. Nf3 Nf6 4. c4 dxc4 5. Nc3 e6 6. a3 Bd6 7. e4 Be7 8. Bxc4
a6 9. Qa4 Bd7 10. Qd1 h6 11. O-O O-O 12. d5 exd5 13. exd5 Na5 14. Bd3 c6 15.
dxc6 Bxc6 16. Ne5 Qd6 17. Nxc6 Nxc6 18. Be3 b5 19. Qe2 b4 20. Na4 bxa3 21. bxa3
Nd5 22. Rfd1 Nxe3 23. Bh7+ Kxh7 24. Rxd6 Bxd6 25. Qxe3 Be5 26. Re1 Bd4 27. Qe4+
Kh8 28. Qxc6 Bf6 29. Nc5 Rac8 30. Qb6 Bc3 31. Rd1 a5 32. Ne4 Rb8 33. Qc7 Rbc8
34. Qe7 Bb2 35. Nd6 Bf6 36. Nxf7+ Kg8 37. Nxh6+ Kh7 38. Qe4+ Kxh6 39. Rd5 Rfe8
40. Qf5 Rc1+ 41. Kh2 Be5+ 42. Rxe5 Rxe5 43. Qxe5 Rc2 44. g4 Rxf2+ 45. Kg3 Ra2
46. Qh5# 1-0

[Event "AUTO-INT-3810"]
[Site "http://www.queenalice.com/game.php?id=1819926"]
[Date "2023.8.30"]
[Round "2"]
[White "tikar15"]
[Black "jenyasm"]
[Result "1-0"]
[WhiteElo "1907"]
[BlackElo "1673"]

1. d4 d5 2. h3 Nc6 3. Nf3 Bf5 4. Nc3 Nb4 5. e4 Bxe4 6. Nxe4 dxe4 7. Nd2 f5 8. a3
Nc6 9. Nb3 e6 10. Bc4 Qe7 11. Nc5 O-O-O 12. Nxe6 Rxd4 13. Nxd4 Nxd4 14. Qxd4 Kb8
15. O-O Nf6 16. Be3 b6 17. Ba6 Nd7 18. Rfd1 Nc5 19. Qd8+ 1-0

[Event "AUTO-INT-3810"]
[Site "http://www.queenalice.com/game.php?id=1819927"]
[Date "2023.8.30"]
[Round "2"]
[White "jenyasm"]
[Black "tikar15"]
[Result "1-0"]
[WhiteElo "1696"]
[BlackElo "1789"]

1. e4 e5 2. Nf3 d6 3. Nc3 a6 4. g3 Nf6 5. Bg2 c5 6. a3 h6 7. O-O Nc6 8. d3 Qb6
9. Na4 Qb5 10. Nc3 Qb6 11. b3 Be7 12. Nh4 O-O 13. Nf5 Bxf5 14. exf5 Nd4 15. Be4
Nxe4 16. dxe4 c4 17. bxc4 Rac8 18. Qd3 Qa5 19. a4 b5 20. cxb5 Rxc3 21. Qd1 axb5
22. Bd2 bxa4 23. Bxc3 Qxc3 24. Rxa4 Nf3+ 25. Kg2 Ng5 26. Ra7 Bd8 27. Qe2 Bb6 28.
Ra6 Bd4 29. Rxd6 f6 30. h4 Nf7 31. Ra6 Rb8 32. Qg4 Qxc2 33. Rxf6 Rb1 34. Rxb1
Qxb1 35. Re6 Qa2 36. Qf3 h5 37. Re8+ Kh7 38. Qxh5+ Nh6 39. Qg6# 1-0

[Event "AUTO-INT-3810"]
[Site "http://www.queenalice.com/game.php?id=1819928"]
[Date "2023.8.30"]
[Round "2"]
[White "tikar15"]
[Black "contato"]
[Result "1-0"]
[WhiteElo "1723"]
[BlackElo "1806"]

1. d4 d5 2. h3 Nc6 3. Nf3 e6 4. a3 Nf6 5. c4 dxc4 6. Nc3 Bd6 7. e4 Be7 8. Bxc4
O-O 9. O-O a6 10. Bf4 b5 11. Bd3 Nh5 12. Bd2 Bd6 13. Ne5 Bxe5 14. Qxh5 Nxd4 15.
Rfd1 Nb3 16. Bc2 Nxa1 17. Bg5 Qe8 18. Rxa1 g6 19. Qh4 f6 20. Be3 Bxc3 21. bxc3
Qc6 22. e5 Bb7 23. f3 Qxc3 24. Bh6 Rf7 25. Be4 Qxa1+ 26. Kh2 Bxe4 27. Qxe4 Ra7
28. Qc6 Qxe5+ 29. f4 Qh5 30. Qe8+ 1-0

[Event "AUTO-INT-3810"]
[Site "http://www.queenalice.com/game.php?id=1819929"]
[Date "2023.8.30"]
[Round "2"]
[White "contato"]
[Black "tikar15"]
[Result "0-1"]
[WhiteElo "1815"]
[BlackElo "1719"]

1. e4 e5 2. Nf3 d6 3. Bc4 a6 4. d4 h6 5. dxe5 Nc6 6. exd6 Bxd6 7. e5 Nxe5 8.
Nxe5 Bxe5 9. Qe2 Qe7 10. c3 Nf6 11. O-O O-O 12. Bf4 Re8 13. Bxe5 Qxe5 14. Re1
Qxe2 15. Rxe2 Bg4 16. Rxe8+ Rxe8 17. h3 Re1+ 18. Kh2 Bf5 19. g4 Bxb1 20. f3 Rd1
21. Bd3 Rd2+ 22. Kg3 Bxd3 23. b3 Nd5 24. c4 Nc3 25. a3 Ne2+ 26. Kh4 g5+ 27. Kh5
Kh7 0-1

[Event "Daniele Rocha"]
[Site "http://www.queenalice.com/game.php?id=1820595"]
[Date "2023.9.10"]
[Round "-"]
[White "zubarev"]
[Black "tikar15"]
[Result "1-0"]
[WhiteElo "1634"]
[BlackElo "1691"]

1. e4 e5 2. Nf3 d6 3. Bc4 h6 4. O-O Nf6 5. Nc3 c5 6. d3 a6 7. Be3 Nc6 8. Nd5 Nd4
9. Nxd4 cxd4 10. Bd2 b5 11. Bb3 a5 12. a3 Bb7 13. f4 exf4 14. Bxf4 Nxd5 15. exd5
Be7 16. Qg4 O-O 17. Bxh6 Bf6 18. Bd2 Bc8 19. Qf3 Bd7 20. Qg3 Be5 21. Qf3 Qh4 22.
g3 Qh7 23. Rae1 Bh3 24. Rf2 Qg6 25. Bf4 f6 26. Qe4 Qh5 27. Bxe5 fxe5 28. c3 Rxf2
29. Kxf2 Bg4 30. Kg1 Rf8 31. cxd4 Bf3 32. Qe3 Qh3 33. Qd2 e4 34. dxe4 Bxe4 35.
Qe2 Bg6 36. Qe6+ Qxe6 37. dxe6 Re8 38. Rc1 Kh7 39. Rc6 a4 40. Ba2 Bf5 41. Rxd6
g6 42. d5 Kg7 43. Rb6 Bd3 44. Kf2 Bc4 45. Bxc4 bxc4 46. Rc6 1-0

[Event "AUTO-ADV-4732"]
[Site "http://www.queenalice.com/game.php?id=1821064"]
[Date "2023.9.18"]
[Round "1"]
[White "Carlos19"]
[Black "tikar15"]
[Result "0-1"]
[WhiteElo "1603"]
[BlackElo "1811"]

1. e4 e5 2. Nf3 d6 3. Bc4 h6 4. d3 Nf6 5. Nc3 Be6 6. Bxe6 fxe6 7. h3 d5 8. Nxe5
Bd6 9. Bf4 O-O 10. Qf3 dxe4 11. Nxe4 Nxe4 12. Qxe4 Nc6 13. Nxc6 bxc6 14. Qxe6+
Kh8 15. Bxd6 Re8 16. Qxe8+ Qxe8+ 17. Kd2 cxd6 18. Rhe1 Qg6 19. g4 Rb8 20. b3
Qg5+ 21. Re3 d5 22. Ke1 d4 23. Re4 Rf8 24. Rxd4 Qh4 25. Kd2 Qxf2+ 26. Kc3 Qf6
27. Re1 c5 28. Kc4 cxd4 29. a4 Rc8+ 30. Kb4 Qd6+ 31. Ka5 Qb6# 0-1

[Event "AUTO-ADV-4732"]
[Site "http://www.queenalice.com/game.php?id=1821065"]
[Date "2023.9.18"]
[Round "1"]
[White "tikar15"]
[Black "Carlos19"]
[Result "1-0"]
[WhiteElo "1741"]
[BlackElo "1666"]

1. d4 d5 2. h3 Nc6 3. Nf3 Bf5 4. a3 e6 5. c4 Nf6 6. Nc3 dxc4 7. e4 Nxe4 8. Nxe4
Bxe4 9. Bxc4 h6 10. O-O a6 11. Re1 b5 12. Bxe6 fxe6 13. Rxe4 Qd5 14. Qe1 O-O-O
15. Rxe6 Nxd4 16. Nxd4 Qxd4 17. Be3 Qxb2 18. Rxa6 Be7 19. Rb1 Qe5 20. Qa5 Rd5
21. Ra8+ Kd7 22. Rxh8 b4 23. Qa4+ c6 24. axb4 Bd6 25. Qa7+ Bc7 26. f4 Qe4 27.
Rf1 Qxb4 28. Rf8 Qxf8 29. Bd4 Kd6 30. Be5+ Ke6 31. Qxc7 c5 32. Re1 Kf5 33. g4+
Kg6 34. Qc6+ Kh7 35. Qxd5 g6 36. Qd7+ Kg8 37. Rd1 h5 38. Rd6 hxg4 39. Rxg6+ 1-0

[Event "AUTO-ADV-4732"]
[Site "http://www.queenalice.com/game.php?id=1821078"]
[Date "2023.9.18"]
[Round "1"]
[White "Capixabba789"]
[Black "tikar15"]
[Result "1-0"]
[WhiteElo "1862"]
[BlackElo "1753"]

1. e4 e5 2. f4 exf4 3. Nf3 a6 4. Bc4 c5 5. O-O Nc6 6. d3 d6 7. Bxf4 Qf6 8. Bc1
Be7 9. Nc3 Nh6 10. Bg5 Qg6 11. Bxe7 Nxe7 12. Nd5 Nxd5 13. exd5 Ng4 14. Qe2+ Kd7
15. Rae1 Kc7 16. Qe7+ Kb8 17. Re4 Ka7 18. c3 Bf5 19. Ree1 Rad8 20. a4 Kb8 21. a5
f6 22. Qe2 Rhe8 23. Qd2 h5 24. Nh4 Qh7 25. Nxf5 h4 26. Qf4 Ne5 27. Qxh4 Qg6 28.
Re4 Rh8 29. Qg3 Qh5 30. Rh4 Qe2 31. Rxh8 Rxh8 32. Qxg7 Rc8 33. Nxd6 Qxb2 34.
Nxc8 Kxc8 35. Qf8+ Kc7 36. Qxc5+ Kb8 37. Qd6+ Ka8 38. Qxf6 Qxc3 39. Qd8+ Ka7 40.
Qb6+ Kb8 41. Rf8# 1-0

[Event "AUTO-ADV-4732"]
[Site "http://www.queenalice.com/game.php?id=1821079"]
[Date "2023.9.18"]
[Round "1"]
[White "tikar15"]
[Black "Capixabba789"]
[Result "1-0"]
[WhiteElo "1855"]
[BlackElo "1802"]

1. d4 d5 2. h3 Bf5 3. c4 dxc4 4. Nc3 e6 5. a3 Nf6 6. Nf3 a6 7. Bg5 b5 8. e4 h6
9. Bxf6 Qxf6 10. exf5 Qxf5 11. Be2 Be7 12. O-O O-O 13. b3 cxb3 14. Qxb3 Nd7 15.
d5 Bf6 16. dxe6 Nc5 17. Qd5 Qxd5 18. Nxd5 Bxa1 19. Rxa1 Nxe6 20. Ne5 Rfd8 21.
Ne7+ Kf8 22. N7c6 Rd2 23. Bh5 g6 24. Bg4 Ng5 25. Rc1 Ne4 26. Bf3 Nxf2 27. Nb4
Rad8 28. Rxc7 Nd1 29. Nxf7 Ra8 30. Bxa8 1-0

[Event "AUTO-ADV-4732"]
[Site "http://www.queenalice.com/game.php?id=1821088"]
[Date "2023.9.18"]
[Round "1"]
[White "tikar15"]
[Black "Malukinha"]
[Result "0-1"]
[WhiteElo "1736"]
[BlackElo "1710"]

1. d4 d5 2. h3 Nc6 3. Nf3 Bf5 4. c4 Nf6 5. Nc3 e6 6. a3 Bd6 7. cxd5 exd5 8. Nh4
Be6 9. Qc2 h6 10. e4 Qe7 11. Bd3 O-O-O 12. e5 Nxd4 13. Qa4 Nc6 14. exd6 cxd6 15.
O-O Qc7 16. Nb5 Qa5 17. Qxa5 Nxa5 18. Nxa7+ Kb8 19. Be3 Nc4 20. Nb5 Nxb2 21. Bf5
g5 22. Bxe6 fxe6 23. Nf3 g4 24. Nfd4 e5 25. Nf5 Nc4 26. hxg4 Nxg4 27. Rac1 Rhf8
28. Nxh6 Ncxe3 29. fxe3 Rxf1+ 30. Rxf1 Nxh6 31. Rd1 Nf5 0-1

[Event "AUTO-ADV-4732"]
[Site "http://www.queenalice.com/game.php?id=1821089"]
[Date "2023.9.18"]
[Round "1"]
[White "Malukinha"]
[Black "tikar15"]
[Result "1-0"]
[WhiteElo "1691"]
[BlackElo "1755"]

1. e4 e5 2. Nf3 d6 3. Bc4 h6 4. h3 Nf6 5. d3 a6 6. Nc3 Be7 7. O-O c6 8. Be3 O-O
9. d4 exd4 10. Bxd4 c5 11. Be3 Nc6 12. a3 b5 13. Bd5 Nxd5 14. Nxd5 Ne5 15. Nxe5
Bf6 16. Nxf6+ Qxf6 17. Ng4 Qxb2 18. Qd2 Bxg4 19. hxg4 Rfe8 20. f3 b4 21. axb4
cxb4 22. Qxd6 Qxc2 23. Qxb4 Qd3 24. Qd4 Qb3 25. Rab1 Qe6 26. Rb6 Qe7 27. Bxh6
gxh6 28. Rxh6 Qe5 29. Qxe5 Rxe5 30. Ra1 Rb5 31. Raxa6 1-0

[Event "Challenge"]
[Site "http://www.queenalice.com/game.php?id=1821356"]
[Date "2023.9.21"]
[Round "-"]
[White "donniedarko"]
[Black "tikar15"]
[Result "1-0"]
[WhiteElo "2145"]
[BlackElo "1863"]

1. d4 d5 2. c4 dxc4 3. e3 Nf6 4. Bxc4 e6 5. Nf3 c5 6. O-O cxd4 7. Qxd4 Nc6 8.
Qxd8+ Nxd8 9. Nc3 a6 10. b3 Bc5 11. Bb2 b5 12. Be2 O-O 13. Rfd1 Bb7 14. h3 Nc6
15. Rac1 Bb6 16. Ng5 h6 17. Nge4 Rfd8 18. Nd6 Rab8 19. Nxb7 Rxd1+ 20. Rxd1 Rxb7
21. Bf3 Rc7 22. Rd6 Nd5 23. Bxd5 exd5 24. Nxd5 Bc5 25. Nxc7 Bxd6 26. Nxa6 f6 27.
Kf1 Ne5 28. Bxe5 1-0

[Event "Challenge"]
[Site "http://www.queenalice.com/game.php?id=1821357"]
[Date "2023.9.21"]
[Round "-"]
[White "tikar15"]
[Black "donniedarko"]
[Result "0-1"]
[WhiteElo "1869"]
[BlackElo "2127"]

1. d4 Nf6 2. Nf3 d5 3. h3 c5 4. c4 cxd4 5. Nxd4 Nc6 6. e3 e5 7. Nf3 Bb4+ 8. Bd2
Bxd2+ 9. Nbxd2 O-O 10. cxd5 Nxd5 11. Bc4 Nb6 12. Bb3 Bf5 13. O-O Bd3 14. Re1 e4
15. Nd4 Nxd4 16. exd4 Qxd4 17. Rc1 Rac8 18. Qg4 Rxc1 19. Rxc1 Qxb2 20. Re1 Qxd2
21. Re3 Qc1+ 22. Kh2 Bc4 23. Rxe4 Bxb3 24. axb3 f5 25. Rc4 Qxc4 26. Qxc4+ Nxc4
27. bxc4 a5 28. c5 a4 0-1

[Event "AUTO-ADV-4704"]
[Site "http://www.queenalice.com/game.php?id=1822434"]
[Date "2023.10.5"]
[Round "2"]
[White "maurice916"]
[Black "tikar15"]
[Result "1-0"]
[WhiteElo "1923"]
[BlackElo "1755"]

1. Nf3 d5 2. e3 Nc6 3. d4 a6 4. c4 b6 5. cxd5 Qxd5 6. Nc3 Qd8 7. Bd2 Nf6 8. Qa4
Bd7 9. Qb3 e6 10. e4 h6 11. h3 Be7 12. Be2 O-O 13. O-O Na5 14. Qc2 Bc6 15. a3
Re8 16. Rad1 e5 17. Nxe5 Qxd4 18. Nxc6 Nxc6 19. Bxh6 Qe5 20. Be3 Bd6 21. f4 Qe6
22. Bc1 Nxe4 23. Bf3 Bc5+ 24. Kh2 Qf5 25. Bxe4 Rxe4 26. Nxe4 Nd4 27. Qd3 Rd8 28.
g4 Qe6 29. Ng5 g6 30. Nxe6 Nxe6 31. Qxd8+ Nxd8 32. Rxd8+ 1-0

[Event "AUTO-ADV-4704"]
[Site "http://www.queenalice.com/game.php?id=1822435"]
[Date "2023.10.5"]
[Round "2"]
[White "tikar15"]
[Black "maurice916"]
[Result "0-1"]
[WhiteElo "1729"]
[BlackElo "1872"]

1. d4 d5 2. c4 Nf6 3. h3 c6 4. Nc3 Qc7 5. Nf3 e6 6. a3 dxc4 7. e4 b5 8. b3 cxb3
9. Qxb3 Bb7 10. Bd3 Nbd7 11. O-O Be7 12. Re1 O-O 13. Bg5 Nb6 14. d5 cxd5 15.
exd5 Nfxd5 16. Nxd5 Nxd5 17. Bxb5 Bxg5 18. Nxg5 Qe7 19. Qg3 h6 20. Ne4 a6 21.
Bd3 Kh8 22. Rac1 Nf6 23. Rc7 Qxa3 24. Rxb7 Nxe4 25. Rxe4 a5 26. Rg4 Qa1+ 27. Kh2
a4 28. f4 a3 29. Bb5 a2 30. Bc6 Ra6 31. Bb5 Rd6 32. Bc4 Rd1 33. Ra7 Rh1# 0-1

[Event "AUTO-ADV-4704"]
[Site "http://www.queenalice.com/game.php?id=1822438"]
[Date "2023.10.5"]
[Round "2"]
[White "tikar15"]
[Black "Bordon"]
[Result "0-1"]
[WhiteElo "1719"]
[BlackElo "1986"]

1. d4 d5 2. c4 c6 3. Nc3 Nf6 4. h3 Bf5 5. Nf3 h6 6. e3 Ne4 7. cxd5 cxd5 8. Bd3
Nxc3 9. bxc3 Bxd3 10. Qxd3 e6 11. O-O Bd6 12. e4 O-O 13. e5 Be7 14. c4 Nc6 15.
cxd5 Qxd5 16. a3 Rac8 17. Be3 f6 18. exf6 Bxf6 19. Bf4 Bxd4 20. Nxd4 Rxf4 21.
Qg6 Nxd4 22. Rfe1 Rf6 23. Qg3 Rcf8 24. Rad1 Qa5 25. Re4 Nf5 26. Qd3 Qc5 27. Kh1
Qxf2 28. Qd7 Qc2 29. Ree1 Nh4 30. Rd2 Qf5 31. Qd3 Qxd3 32. Rxd3 Rf1+ 33. Rxf1
Rxf1+ 34. Kh2 Rb1 35. Kg3 Nf5+ 36. Kg4 g6 37. h4 Kf7 38. h5 g5 39. Kf3 Kf6 40.
a4 Nh4+ 41. Ke4 Rb4+ 42. Rd4 Rxd4+ 0-1

[Event "AUTO-ADV-4704"]
[Site "http://www.queenalice.com/game.php?id=1822439"]
[Date "2023.10.5"]
[Round "2"]
[White "Bordon"]
[Black "tikar15"]
[Result "0-1"]
[WhiteElo "1983"]
[BlackElo "1739"]

1. e4 c5 2. Nc3 a6 3. f4 Nc6 4. Nf3 d6 5. Be2 Nf6 6. d3 e5 7. f5 b5 8. O-O d5 9.
Bg5 h6 10. Bxf6 Qxf6 11. Nxd5 Qd6 12. Qd2 Nb4 13. Nxb4 cxb4 14. c3 bxc3 15. bxc3
Bb7 16. Rab1 Bc6 17. Qe3 Be7 18. d4 exd4 19. cxd4 b4 20. Ne5 O-O 21. Nxc6 Qxc6
22. d5 Qc2 23. Bc4 Qxc4 0-1

[Event "Mega Tank G610 18:37"]
[Site "http://www.queenalice.com/game.php?id=1824276"]
[Date "2023.10.31"]
[Round "-"]
[White "zubarev"]
[Black "tikar15"]
[Result "1-0"]
[WhiteElo "1652"]
[BlackElo "1673"]

1. d4 d5 2. Nc3 c5 3. Nf3 h6 4. e3 a6 5. Be2 Nc6 6. O-O Nf6 7. Ne5 cxd4 8. Nxc6
bxc6 9. exd4 c5 10. Be3 Qb6 11. Na4 Qc6 12. b3 Ne4 13. dxc5 e5 14. f3 Nf6 15. c3
e4 16. b4 Bd7 17. fxe4 Qxa4 18. Qd2 dxe4 19. Rad1 a5 20. Bd4 Be7 21. Be5 Rd8 22.
Qe3 1-0